000 00285nam a2200121Ia 4500
005 20251222144657.0
008 251222s9999||||xx |||||||||||||| ||spa||
082 _a307.148.5/P78
100 _aPortocarrero, Gonzalo
245 0 _aLos Nuevos LimeƱos:
264 _bTafos
942 _cLIB
999 _c17306
_d17306